000 00535nam a2200181Ia 4500
005 20250508153231.0
008 008 250505s9999 xx 000 0 eng d
037 _aTextual
040 _aFEDL
_beng
_cFEDL
041 _aeng
_2eng
084 _a370.19, AME
_qFEDL
245 0 _aDeveloping democratic human relations
245 0 _cAmerican association for health, physical education and recreation
300 _ax,562p.
650 _aEducation-Sociology
942 _cTEXL
_h370.19, AME
999 _c1341423
_d1341423